Diagnostika vybraného regiónu pre účely stanovenia hodnoty podniku diplomová práca

Guardado en:
Detalles Bibliográficos
Autor principal: Tarajová, Anna
Autor Corporativo: Fakulta podnikového manažmentu EU. Katedra podnikovohospodárska
Otros Autores: Neumannová, Anna
Formato: Libro
Lenguaje:eslovaco
Publicado: Bratislava 2014
Etiquetas: Agregar Etiqueta
Sin Etiquetas, Sea el primero en etiquetar este registro!

MARC

LEADER 00000nbm a2200000 4500
001 0188106
005 20170201093205.8
041 0 |a slo 
044 |a SK 
245 1 0 |a Diagnostika vybraného regiónu pre účely stanovenia hodnoty podniku  |b diplomová práca  |c Anna Tarajová ; školiteľ: Anna Neumannová 
264 1 |a Bratislava  |c 2014 
300 |a 84 s. 
100 1 |a Tarajová, Anna 
700 1 |a Neumannová, Anna 
710 2 |a Fakulta podnikového manažmentu EU. Katedra podnikovohospodárska